| 000 | 01385cam a2200361 i 4500 | ||
|---|---|---|---|
| 001 | 40130 | ||
| 003 | Mx-PuUPA | ||
| 005 | 20250206105909.0 | ||
| 008 | 140415s2020 sp gr 000 0 spa d | ||
| 017 | _aBI-667-2020 | ||
| 020 |
_a9788484688297 _qU. P. Comillas |
||
| 020 |
_a9788429329735 _qEditorial Sal Terrae |
||
| 040 |
_aMx-PuUPA _bspa _cMx-PuUPA _dMx-PuUPA _erda |
||
| 041 | 1 |
_aspa _heng |
|
| 100 | 1 |
_aTrigg, Roger, _d1941- _9295 _eautor |
|
| 240 | 1 | 0 |
_aBeyond matter : Why science needs metaphysics. _lEspañol |
| 245 | 1 | 0 |
_aMás allá de la materia : _b¿por qué la ciencia necesita la metafísica? / _cRoger Trigg ; Blanca Arias Badia |
| 264 | 1 |
_aMadrid : _bUniversidad Pontificia Comillas : Editorial Sal Terrae, _c2020 |
|
| 300 |
_axii, 163 páginas ; _c22 cm |
||
| 336 |
_2rdacontent _atexto _btxt |
||
| 337 |
_2rdamedia _asin medio _bn |
||
| 338 |
_2rdacarrier _avolumen _bnc |
||
| 490 | 0 |
_aColección Ciencia y Religión ; _v22 |
|
| 650 | 7 |
_2armarc _913986 _aFilosofía de la ciencia |
|
| 650 | 7 |
_2armarc _aMetafísica |
|
| 650 | 7 |
_2armarc _aMateria |
|
| 650 | 7 |
_2armarc _aCiencia _xFilosofía |
|
| 700 | 1 |
_aArias Badia, Blanca, _etraductor |
|
| 765 | 0 |
_aTrigg, Roger, 1941- _d[Espapa?] : Templeton Press, ©2015 _tBeyond matter : Why science needs metaphysics. |
|
| 942 |
_2ddc _cLI _h110 _iT85 |
||
| 999 |
_c40130 _d40130 |
||